| 000 | 00000nam##2200000za#4500 |
| 001 | 9.681863 |
| 003 | CaOODSP |
| 005 | 20220125150626 |
| 007 | ta |
| 008 | 150407|2002||||xxc||||| f|0| 0 fre|d |
| 040 | |aCaOODSP|bfre |
| 043 | |an-cn--- |
| 086 | 1 |aD2-136/2002F |
| 110 | 1 |aCanada.|bMinistère de la défense nationale.|bCabinet du Juge-avocat général. |
| 245 | 10|aLes avocats militaires du Canada / |cpar R. Arthur McDonald. |
| 260 | |aOttawa - Ontario : |bDéfense nationale. |c2002. |
| 300 | |ax, 263p. : |bill. (certaines en couleur) ; |c24 cm. |
| 504 | |aBibliographie. |
| 563 | |aCouverture rigide |
| 590 | |a02-50|b2002-12-13 |
| 720 | 1 |aMcDonald, Ronald Arthur |
| 775 | 08|tCanada's military lawyers / |w(CaOODSP)9.648558 |